<?xml version="1.0" encoding="UTF-8"?>
<marc:record xmlns:marc="http://www.loc.gov/MARC21/slim">
   <marc:leader>00000nam a2200000 a 4500</marc:leader>
   <marc:datafield ind1="1" ind2=" " tag="100">
      <marc:subfield code="a">Fries, Lisa</marc:subfield>
      <marc:subfield code="4">aut</marc:subfield>
      <marc:subfield code="e">Verfasser/-in</marc:subfield>
   </marc:datafield>
   <marc:datafield ind1="1" ind2=" " tag="100">
      <marc:subfield code="a">Werner, Monika</marc:subfield>
      <marc:subfield code="4">aut</marc:subfield>
      <marc:subfield code="e">Verfasser/-in</marc:subfield>
   </marc:datafield>
   <marc:datafield ind1="0" ind2="0" tag="245">
      <marc:subfield code="a">Kleine Atem-Wege</marc:subfield>
   </marc:datafield>
   <marc:datafield ind1="0" ind2="0" tag="245">
      <marc:subfield code="b">der Franziskusweg an der Thüringer-Hütte/Rhön ; ein Bilder- und (Vor-)Lesebuch zum Sonnengesang</marc:subfield>
   </marc:datafield>
   <marc:datafield ind1="0" ind2="0" tag="245">
      <marc:subfield code="c">Lisa Fries und Monika Werner</marc:subfield>
   </marc:datafield>
   <marc:datafield ind1=" " ind2="1" tag="264">
      <marc:subfield code="a">Würzburg</marc:subfield>
      <marc:subfield code="b">Echter</marc:subfield>
      <marc:subfield code="c">2009</marc:subfield>
   </marc:datafield>
   <marc:datafield ind1="1" ind2=" " tag="520">
      <marc:subfield code="a">Angaben aus der Verlagsmeldung

Kleine Atem-Wege : Der Franziskusweg an der Thüringer-Hütte /Rhön. Ein Bilder- und (Vor)lesebuch zum Sonnengesang / von Lisa Werner, Monika Werner

Der Sonnengesang des hl. Franz von Assisi gehört zu den eindrucksvollsten und beliebtesten religiösen Dichtungen. In der Rhön ist zu diesem Text 2007 ein Wanderweg eröffnet worden, den bis heute zahlreiche Besucher begeistert gegangen sind.
Auf dem rund 5 km langen Weg sind zu den einzelnen Lobgesängen zehn Kunststationen zum Sonnengesang und sieben Lesestationen zum Thema "Lebensweg" errichtet worden. Dort laden Schnitzereien von Schülern und Lehrern der Berufsfachschule für Holzbildhauer in Bischofsheim und Tafeln mit meditativen Texten den Wanderer ein zu Besinnung und Betrachtung.
Dieses Bilder- und (Vor-) Lesebuch ist ein Begleiter auf dem Weg und danach, sowohl für Kinder im Vorschul- und Grundschulalter, als auch für Eltern und Paten, für Großeltern, für Erzieher/innen, Katechet/innen und Lehrer/innen.
</marc:subfield>
   </marc:datafield>
   <marc:datafield ind1=" " ind2=" " tag="020">
      <marc:subfield code="a">9783429030919</marc:subfield>
      <marc:subfield code="9">9783429030919</marc:subfield>
   </marc:datafield>
   <marc:datafield ind1=" " ind2=" " tag="041">
      <marc:subfield code="a">ger</marc:subfield>
   </marc:datafield>
   <marc:datafield ind1=" " ind2=" " tag="300">
      <marc:subfield code="a">127 S.</marc:subfield>
   </marc:datafield>
</marc:record>
